Psikologi pembelajaran

Bibliographic Details
Main Author: Habibah Elias
Format: Book
Published: Kuala Lumpur : DBP , 1990
Subjects:

MARC

LEADER 00000cam a2200000 7i4500
001 0000004830
002 000005206
005 20080125.0
020 |a 9836213171 
090 0 0 |a 153.15   |b HAB 
100 0 |a Habibah Elias 
245 1 0 |a Psikologi pembelajaran   |c Habibah Elias 
260 |a Kuala Lumpur :   |b DBP ,   |c 1990 
300 |a 179p. ;   |c 24cm. 
650 0 0 |a Learning, Psychology of 
999 |a 027800   |b BUKU   |c PINJAMAN   |e PERPUSTAKAAN KOMUNITI PETALING JAYA 
999 |a 037541   |b BUKU   |c PINJAMAN   |e PERPUSTAKAAN KOMUNITI PETALING JAYA